000 01230cam a2200325 a 4500
001 3204
003 FISKH
005 20250815120544.0
008 960624s1997 nyuab c b 001 0 eng
010 _a 96031482
020 _a0531300021
020 _a0531330028 (lib. bdg.)
040 _aDLC
_cDLC
_dDLC
_beng
042 _alcac
050 0 0 _aQL561.D3
_bP75 1997
082 0 0 _a595.78/9
_220
100 1 _aPringle, Laurence,
_d1935-
245 1 3 _aAn extraordinary life :
_bthe story of a monarch butterfly /
_cby Laurence Pringle ; paintings by Bob Marstall.
250 _aFirst Scholastic printing, March 2001
260 _aNew York :
_bScholastic,
_c1997
300 _a64 pages :
_bcolor map ; color illustrations ;
_c28 cm
504 _aIncludes bibliographical references (p. 62-63) and index.
520 _aIntroduces the life cycle, feeding habits, migration, predators, and mating of the monarch butterfly through the observation of one particular monarch named Danaus.
650 0 _aMonarch butterfly
_xJuvenile literature.
650 1 _aMonarch butterfly.
650 1 _aButterflies.
700 1 _aMarstall, Bob,
_eillustrator
906 _a7
_bcbc
_corignew
_d1
_eocip
_f19
_gy-gencatlg
942 _2ddc
_cBK
_n0
999 _c3204
_d3204